<?xml version="1.0" encoding="UTF-8"?>
<collection xmlns="http://www.loc.gov/MARC21/slim">
<record>
  <controlfield tag="001">144972</controlfield>
  <controlfield tag="005">20260219090937.0</controlfield>
  <datafield tag="024" ind1="7" ind2=" ">
    <subfield code="2">doi</subfield>
    <subfield code="a">10.55407/geogaceta100813</subfield>
  </datafield>
  <datafield tag="024" ind1="8" ind2=" ">
    <subfield code="2">sideral</subfield>
    <subfield code="a">139811</subfield>
  </datafield>
  <datafield tag="037" ind1=" " ind2=" ">
    <subfield code="a">ART-2024-139811</subfield>
  </datafield>
  <datafield tag="041" ind1=" " ind2=" ">
    <subfield code="a">spa</subfield>
  </datafield>
  <datafield tag="100" ind1=" " ind2=" ">
    <subfield code="a">Simón Muzás, Ana</subfield>
    <subfield code="u">Universidad de Zaragoza</subfield>
    <subfield code="0">(orcid)0000-0001-5824-5367</subfield>
  </datafield>
  <datafield tag="245" ind1=" " ind2=" ">
    <subfield code="a">Foliación y fábricas magnéticas asociadas a interferencia de pliegues en la Zona Axial Pirenaica (La Seu d’Urgell, Lleida)</subfield>
  </datafield>
  <datafield tag="260" ind1=" " ind2=" ">
    <subfield code="c">2024</subfield>
  </datafield>
  <datafield tag="506" ind1="0" ind2=" ">
    <subfield code="a">Access copy available to the general public</subfield>
    <subfield code="f">Unrestricted</subfield>
  </datafield>
  <datafield tag="520" ind1="3" ind2=" ">
    <subfield code="a">La zona de estudio, en las inmediaciones de La Seu d’Urgell (Zona Axial pirenaica), está constituida por una serie estratigráfica de rocas Cambro-Ordovícicas, en su mayoría detríticas, donde la discordancia Sarda se identifica claramente entre la Serie de Jujols y la Fm. Conglomerados de la Rabassa. Las principales estructuras son pliegues N-S de plano axial subhorizontal que muestran una foliación asociada, bien desarrollada en los niveles pelíticos (y claramente visibles en lámina delgada) y pobremente desarrollada en los niveles de arenisca. En los conglomerados suprayacentes a la discordancia Sarda (Fm. Conglomerados de la Rabassa) la foliación regional se caracteriza por tener sobreimpuestas bandas de cizalla conjugadas que rodean los clastos. Las fábricas magnéticas (principalmente paramagnéticas) son coherentes con las microestructuras observadas a pesar de que la correspondencia entre los ejes de las fábricas magnéticas y los ejes de las estructuras observadas en el campo no es sencilla. El máximo de las direcciones de lineación es bimodal (N-S y E-W), lo cual puede ser interpretado como el resultado de una interferencia de pliegues (tipo 2 de Ramsay).</subfield>
  </datafield>
  <datafield tag="536" ind1=" " ind2=" ">
    <subfield code="9">info:eu-repo/grantAgreement/ES/MICINN/PID2019-108705GB-I00</subfield>
    <subfield code="9">info:eu-repo/grantAgreement/ES/MICINN/PID2019-108753GB-C22</subfield>
    <subfield code="9">info:eu-repo/grantAgreement/ES/MICINN/PID2020-114273GB-C22</subfield>
  </datafield>
  <datafield tag="540" ind1=" " ind2=" ">
    <subfield code="9">info:eu-repo/semantics/openAccess</subfield>
    <subfield code="a">by-nc-nd</subfield>
    <subfield code="u">https://creativecommons.org/licenses/by-nc-nd/4.0/deed.es</subfield>
  </datafield>
  <datafield tag="590" ind1=" " ind2=" ">
    <subfield code="a">0.2</subfield>
    <subfield code="b">2024</subfield>
  </datafield>
  <datafield tag="592" ind1=" " ind2=" ">
    <subfield code="a">0.168</subfield>
    <subfield code="b">2024</subfield>
  </datafield>
  <datafield tag="593" ind1=" " ind2=" ">
    <subfield code="a">Geology</subfield>
    <subfield code="c">2024</subfield>
    <subfield code="d">Q4</subfield>
  </datafield>
  <datafield tag="594" ind1=" " ind2=" ">
    <subfield code="a">0.4</subfield>
    <subfield code="b">2024</subfield>
  </datafield>
  <datafield tag="655" ind1=" " ind2="4">
    <subfield code="a">info:eu-repo/semantics/article</subfield>
    <subfield code="v">info:eu-repo/semantics/publishedVersion</subfield>
  </datafield>
  <datafield tag="700" ind1=" " ind2=" ">
    <subfield code="a">Casas Sainz, Antonio</subfield>
    <subfield code="u">Universidad de Zaragoza</subfield>
    <subfield code="0">(orcid)0000-0003-3652-3527</subfield>
  </datafield>
  <datafield tag="700" ind1=" " ind2=" ">
    <subfield code="a">Soto, Ruth</subfield>
  </datafield>
  <datafield tag="700" ind1=" " ind2=" ">
    <subfield code="a">Clariana, Pilar</subfield>
  </datafield>
  <datafield tag="700" ind1=" " ind2=" ">
    <subfield code="a">Margalef, Aina</subfield>
  </datafield>
  <datafield tag="710" ind1="2" ind2=" ">
    <subfield code="1">2000</subfield>
    <subfield code="2">428</subfield>
    <subfield code="a">Universidad de Zaragoza</subfield>
    <subfield code="b">Dpto. Ciencias de la Tierra</subfield>
    <subfield code="c">Área Geodinámica Interna</subfield>
  </datafield>
  <datafield tag="773" ind1=" " ind2=" ">
    <subfield code="g">75 (2024), 35-38</subfield>
    <subfield code="p">Geogaceta</subfield>
    <subfield code="t">Geogaceta</subfield>
    <subfield code="x">0213-683X</subfield>
  </datafield>
  <datafield tag="856" ind1="4" ind2=" ">
    <subfield code="s">1550274</subfield>
    <subfield code="u">http://zaguan.unizar.es/record/144972/files/texto_completo.pdf</subfield>
    <subfield code="y">Versión publicada</subfield>
  </datafield>
  <datafield tag="856" ind1="4" ind2=" ">
    <subfield code="s">3270594</subfield>
    <subfield code="u">http://zaguan.unizar.es/record/144972/files/texto_completo.jpg?subformat=icon</subfield>
    <subfield code="x">icon</subfield>
    <subfield code="y">Versión publicada</subfield>
  </datafield>
  <datafield tag="909" ind1="C" ind2="O">
    <subfield code="o">oai:zaguan.unizar.es:144972</subfield>
    <subfield code="p">articulos</subfield>
    <subfield code="p">driver</subfield>
  </datafield>
  <datafield tag="951" ind1=" " ind2=" ">
    <subfield code="a">2026-02-19-09:00:35</subfield>
  </datafield>
  <datafield tag="980" ind1=" " ind2=" ">
    <subfield code="a">ARTICLE</subfield>
  </datafield>
</record>
</collection>